Brooklyn Nets 2010's Starters - Statistics

General Stats
  • This quiz has been taken 783 times
    713 since last reset
  • The average score is 11 of 34
Answer Stats
Player Starts % Correct
Brook Lopez 6
96%
Deron Williams 4
77%
Shelden Williams 1
76%
D'Angelo Russell 1
75%
Kevin Garnett 2
74%
Paul Pierce 1
72%
Jarrett Allen 1
71%
Joe Johnson 4
68%
Joe Harris 1
60%
Caris LeVert 1
59%
Devin Harris 2
59%
Spencer Dinwiddie 1
57%
Rondae Hollis-Jefferson 2
50%
Gerald Wallace 1
23%
Kris Humphries 2
22%
DeMarre Carroll 1
20%
Bojan Bogdanovic 2
19%
Mason Plumlee 2
15%
Reggie Evans 1
15%
Thaddeus Young 1
13%
Rodion Kurucs 1
12%
Allen Crabbe 1
11%
Trevor Booker 1
11%
MarShon Brooks 1
10%
Shaun Livingston 1
10%
Courtney Lee 1
8%
Anthony Morrow 1
7%
Chris Douglas-Roberts 1
6%
Tyler Zeller 1
6%
Wayne Ellington 1
5%
Randy Foye 1
4%
Travis Outlaw 1
4%
Yi Jianlian 1
4%
DeShawn Stevenson 1
3%
No matching quizzes found
Score Distribution
Percent of People with Each Score
Percentile by Number Answered
Your Score History
You have not taken this quiz since the last reset